[Event "Muensterland Verbandsklasse 1718"]
[Site "Germany"]
[Date "2018.03.10"]
[Round "7.8"]
[White "Jeromin, Rudolf Gustav"]
[Black "Becking, Stefan"]
[Result "1/2-1/2"]
[WhiteElo "1668"]
[BlackElo "1650"]
[PlyCount "48"]
[EventDate "2017.09.16"]
[EventType "team-tourn"]
[EventRounds "9"]
[EventCountry "GER"]
[SourceTitle "EXT 2019"]
[Source "ChessBase"]
[SourceDate "2018.10.10"]
[SourceVersion "1"]
[SourceVersionDate "2018.10.10"]
[SourceQuality "1"]
[WhiteTeam "Hiltrup"]
[BlackTeam "Stadtlohn"]
[WhiteTeamCountry "GER"]
[BlackTeamCountry "GER"]

1. e4 c5 2. Nf3 e6 3. Nc3 Nc6 4. g3 d6 5. Bg2 Nf6 6. d3 Be7 7. 0-0 0-0 8. d4 cxd4 9. Nxd4 Bd7 10. Ndb5 Ne8 11. Be3 a6 12. Nd4 Rc8 13. a3 Nxd4 14. Bxd4 Bc6 15. Re1 Nc7 16. a4 Qd7 17. Qg4 e5 18. Qxd7 Bxd7 19. Bb6 Be6 20. f4 f6 21. Rad1 Na8 22. Bf2 Rc6 23. Bf1 Nb6 24. Bd3 Nd7 1/2-1/2

[Event "Muensterland Verbandsklasse 1516"]
[Site "Germany"]
[Date "2016.05.28"]
[Round "9.5"]
[White "Becking, Stefan"]
[Black "Musholt, Joachim"]
[Result "1/2-1/2"]
[WhiteElo "1673"]
[BlackElo "1651"]
[PlyCount "37"]
[EventDate "2015.09.19"]
[EventType "team"]
[EventRounds "9"]
[EventCountry "GER"]
[SourceTitle "EXT 2017"]
[Source "ChessBase"]
[SourceDate "2016.10.25"]
[SourceVersion "1"]
[SourceVersionDate "2016.10.25"]
[SourceQuality "1"]
[WhiteTeam "Stadtlohn"]
[BlackTeam "Suedlohn II"]
[WhiteTeamCountry "GER"]
[BlackTeamCountry "GER"]

1. e4 c5 2. d4 cxd4 3. c3 d5 4. exd5 Qxd5 5. cxd4 e5 6. Nc3 Qxd4 7. Qxd4 exd4 8. Nb5 Na6 9. a3 Bg4 10. h3 Bd7 11. Nf3 Be7 12. Bf4 Nf6 13. Nbxd4 Nc5 14. b4 Nd5 15. Bh2 Ne6 16. Nxe6 Bxe6 17. Bb5+ Kf8 18. 0-0 Bf6 19. Be5 1/2-1/2

[Event "Muensterland Verbandsklasse 1516"]
[Site "Germany"]
[Date "2016.03.12"]
[Round "7.5"]
[White "Becking, Stefan"]
[Black "Dirks, Frank"]
[Result "1/2-1/2"]
[WhiteElo "1673"]
[BlackElo "1773"]
[PlyCount "72"]
[EventDate "2015.09.19"]
[EventType "team"]
[EventRounds "9"]
[EventCountry "GER"]
[SourceTitle "EXT 2017"]
[Source "ChessBase"]
[SourceDate "2016.10.25"]
[SourceVersion "1"]
[SourceVersionDate "2016.10.25"]
[SourceQuality "1"]
[WhiteTeam "Stadtlohn"]
[BlackTeam "Nienberge II"]
[WhiteTeamCountry "GER"]
[BlackTeamCountry "GER"]

1. e4 b6 2. d4 Bb7 3. Nc3 e6 4. Bd3 Bb4 5. Nge2 Nf6 6. 0-0 h6 7. e5 Nh7 8. Bxh7 Rxh7 9. Qd3 g6 10. a3 Be7 11. b4 d6 12. exd6 cxd6 13. Nf4 Rg7 14. Rd1 Qd7 15. Bb2 g5 16. Nh5 Rg6 17. Ne4 Na6 18. Nef6+ Rxf6 19. Nxf6+ Bxf6 20. c4 0-0-0 21. b5 Nc7 22. a4 Ne8 23. a5 Ng7 24. axb6 axb6 25. Ra7 Nf5 26. Raa1 Qc7 27. Bc3 Qb8 28. d5 Bxc3 29. Qxc3 Qc7 30. Ra7 Kd7 31. Qf6 Ne7 32. Qxf7 exd5 33. Raa1 dxc4 34. Re1 Re8 35. Qe6+ Kd8 36. Qf6 Qb8 1/2-1/2

[Event "Muensterland Verbandsklasse 1516"]
[Site "Germany"]
[Date "2015.09.19"]
[Round "1.5"]
[White "Stein, Michael"]
[Black "Becking, Stefan"]
[Result "1/2-1/2"]
[WhiteElo "1682"]
[BlackElo "1673"]
[PlyCount "40"]
[EventDate "2015.09.19"]
[EventType "team"]
[EventRounds "9"]
[EventCountry "GER"]
[SourceTitle "EXT 2017"]
[Source "ChessBase"]
[SourceDate "2016.10.25"]
[SourceVersion "1"]
[SourceVersionDate "2016.10.25"]
[SourceQuality "1"]
[WhiteTeam "Gescher"]
[BlackTeam "Stadtlohn"]
[WhiteTeamCountry "GER"]
[BlackTeamCountry "GER"]

1. e4 c5 2. d4 cxd4 3. c3 dxc3 4. Nxc3 Nc6 5. Nf3 d6 6. Bc4 e6 7. 0-0 Nf6 8. Qe2 Be7 9. Rd1 e5 10. h3 0-0 11. b4 Qc7 12. a3 h6 13. Be3 Be6 14. Nd5 Bxd5 15. Bxd5 Nxd5 16. Rxd5 b6 17. Rc1 Qb7 18. Rd2 Rac8 19. Rdc2 Nb8 20. Qd3 Rxc2 1/2-1/2

[Event "Muensterland Verbandsklasse 1314"]
[Site "Germany"]
[Date "2014.03.08"]
[Round "7.7"]
[White "Musholt, Joachim"]
[Black "Becking, Stefan"]
[Result "1/2-1/2"]
[WhiteElo "1680"]
[BlackElo "1596"]
[PlyCount "50"]
[EventDate "2013.09.21"]
[EventType "team-tourn"]
[EventRounds "9"]
[EventCountry "GER"]
[SourceTitle "EXT 2015"]
[Source "ChessBase"]
[SourceDate "2014.11.20"]
[SourceVersion "1"]
[SourceVersionDate "2014.11.20"]
[SourceQuality "1"]
[WhiteTeam "Suedlohn II"]
[BlackTeam "Stadtlohn"]
[WhiteTeamCountry "GER"]
[BlackTeamCountry "GER"]

1. e4 e6 2. d4 d5 3. Nc3 Nf6 4. e5 Nfd7 5. f4 c5 6. Nf3 Nc6 7. Be3 cxd4 8. Nxd4 Bb4 9. a3 Bxc3+ 10. bxc3 Qa5 11. Qd2 a6 12. Nb3 Qc7 13. Bd3 Na5 14. Nxa5 Qxa5 15. 0-0 0-0 16. Qf2 Qxc3 17. Bd4 Qc7 18. Qh4 h6 19. Qf2 b6 20. g4 Nc5 21. g5 h5 22. Rac1 g6 23. Be2 Kg7 24. Qe3 Rb8 25. Rb1 Nd7 1/2-1/2

[Event "Muensterland Verbandsklasse-A 1011"]
[Site "Germany"]
[Date "2010.12.11"]
[Round "4.8"]
[White "Hoffmann, Klaus Peter"]
[Black "Becking, Stefan"]
[Result "1/2-1/2"]
[WhiteElo "1646"]
[BlackElo "1512"]
[PlyCount "38"]
[EventDate "2010.09.18"]
[EventType "team-tourn"]
[EventRounds "9"]
[EventCountry "GER"]
[SourceTitle "EXT 2012"]
[Source "ChessBase"]
[SourceDate "2011.11.24"]
[SourceVersion "1"]
[SourceVersionDate "2011.11.24"]
[SourceQuality "1"]
[WhiteTeam "Duelmen"]
[BlackTeam "Stadtlohn"]
[WhiteTeamCountry "GER"]
[BlackTeamCountry "GER"]

1. Nf3 Nf6 2. e3 d5 3. d4 Bf5 4. c4 e6 5. Nc3 Nbd7 6. cxd5 Nxd5 7. Nxd5 exd5 8. Bd3 Bg6 9. Bxg6 hxg6 10. Qb3 Nb6 11. Bd2 Bd6 12. Qb5+ Qd7 13. Qxd7+ Kxd7 14. b3 f6 15. g3 g5 16. Ke2 Rh3 17. Ng1 Rh7 18. Nf3 Rh3 19. Ng1 Rh7 1/2-1/2